| 000 | 01083cam a22002774a 4500 | ||
|---|---|---|---|
| 020 | _a1560223006 | ||
| 020 | _a1560223014 | ||
| 020 | _a9781560223009 | ||
| 020 | _a9781560223016 | ||
| 082 | 0 | 0 | _a339.46/095091734 |
| 100 | 1 |
_aIslam, Nurul, _d1929- |
|
| 245 | 1 | 0 |
_aReducing Rural Poverty in Asia : _bchallenges and opportunities for microenterprises and public employment schemes / _cNurul Islam. |
| 260 |
_aNew York : _bFood Products Press, _cc2006. |
||
| 300 |
_axxiv, 374 p. : _bill. ; _c22 cm. |
||
| 504 | _aIncludes bibliographical references (p. 343-354) and index. | ||
| 650 | 0 |
_aPoverty _981055 |
|
| 650 | 0 |
_aRural poor _981056 |
|
| 650 | 0 |
_aEconomic assistance, Domestic _981057 |
|
| 650 | 0 |
_aSmall business _981058 |
|
| 650 | 0 |
_aPublic service employment _981059 |
|
| 650 | 0 |
_aRural development _981060 |
|
| 942 |
_2ddc _cBK |
||
| 999 |
_c585985 _d585985 |
||